Statistics for Top 20 Words Starting With HI

Click here to take the quiz!

General Stats

  • This quiz has been taken 720 times
  • The average score is 12 of 20

Answer Stats

ranklettersword% Correct
13his
96%
23him
95%
63hit
93%
193hip
92%
84hill
91%
94hide
88%
34high
87%
154hint
72%
144hire
72%
47history
68%
186hidden
61%
76higher
60%
137highest
49%
57himself
39%
1110historical
36%
106highly
23%
129highlight
20%
169historian
19%
207highway
12%
179hierarchy
10%

Score Distribution

Percentile by Number Answered

Percent of People with Each Score

Your Score History

You have not taken this quiz